Giải bài tập toán 5

Sách là tài liệu tham khảo giúp giáo viên, học sinh tiểu học cơ sở có thêm tư liệu để dạy và học tốt hơn bộ môn Toán học.

Gorde:
Xehetasun bibliografikoak
Egile nagusia: Phạm, Đình Thực
Formatua: Liburua
Hizkuntza:Undetermined
Argitaratua: Thành phố Hồ Chí Minh Tổng hợp Thành phố Hồ Chí Minh 2006
Gaiak:
Etiketak: Etiketa erantsi
Etiketarik gabe, Izan zaitez lehena erregistro honi etiketa jartzen!
Thư viện lưu trữ: Trung tâm Học liệu Trường Đại học Cần Thơ
LEADER 00823nam a2200217Ia 4500
001 CTU_116259
008 210402s9999 xx 000 0 und d
020 |c 13500 
082 |a 372.7076 
082 |b Th552/T.1/L.5 
100 |a Phạm, Đình Thực 
245 0 |a Giải bài tập toán 5 
245 0 |c Phạm Đình Thực 
260 |a Thành phố Hồ Chí Minh 
260 |b Tổng hợp Thành phố Hồ Chí Minh 
260 |c 2006 
520 |a Sách là tài liệu tham khảo giúp giáo viên, học sinh tiểu học cơ sở có thêm tư liệu để dạy và học tốt hơn bộ môn Toán học. 
650 |a Mathematics 
650 |x Study and teaching 
904 |i Tuyến 
980 |a Trung tâm Học liệu Trường Đại học Cần Thơ